| 000 | 00817nam a22001937a 4500 | ||
|---|---|---|---|
| 999 |
_c21259 _d21259 |
||
| 003 | AR-CdUCM | ||
| 008 | 190320b ||||| |||| 00| 0 spa d | ||
| 040 |
_aMUNICIPALIDAD PROVINCIAL DEL CUSCO _cBIBLIOTECA MUNICIPAL DEL CUSCO |
||
| 082 |
_a512.92/M42 _bM42 |
||
| 100 |
_aMendoza Enríquez, Félix Ántero _944410 |
||
| 245 |
_aEcuaciones diferenciales ordinarias : _bteoría y ejercicios / |
||
| 260 |
_aCusco ; _bImpresiones Max, _c2017. |
||
| 300 |
_a520 Páginas. : _c20 cm. |
||
| 505 | _aContenido: Conceptos básicos y terminología en ecuaciones diferenciales -- Ecuaciones diferenciales ordinarias de primer orden -- Ecuaciones diferenciales ordinarias de orden superior ... | ||
| 650 |
_aEcuaciones diferenciales ordinarias _920349 |
||
| 650 |
_aMatemáticas _99398 |
||
| 942 |
_2ddc _cLIBROS |
||
| 945 | _aRoel | ||